विलासमंदिर (रामबाग) (Record no. 244226)

MARC details
000 -LEADER
fixed length control field 00591nam a2200181Ia 4500
008 - FIXED-LENGTH DATA ELEMENTS--GENERAL INFORMATION
fixed length control field 090201s9999 xx 000 0 und d
010 ## - LIBRARY OF CONGRESS CONTROL NUMBER
LC control number KPL-68989
040 ## - CATALOGING SOURCE
Language of cataloging मराठी
041 ## - LANGUAGE CODE
Language code of text/sound track or separate title मराठी
082 ## - DEWEY DECIMAL CLASSIFICATION NUMBER
Classification number 47528
Item number 68989
100 ## - MAIN ENTRY--PERSONAL NAME
Personal name गो ना दातार
245 ## - TITLE STATEMENT
Title विलासमंदिर (रामबाग)
Statement of responsibility, etc गो ना दातार
250 ## - EDITION STATEMENT
Edition statement 4
260 ## - PUBLICATION, DISTRIBUTION, ETC. (IMPRINT)
Date of publication, distribution, etc 1992
Name of publisher, distributor, etc श्रीराम बुक एजन्सी
300 ## - PHYSICAL DESCRIPTION
Extent 480
Other physical details मध्यम
600 ## - SUBJECT ADDED ENTRY--PERSONAL NAME
Personal name विलासमंदिर (रामबाग)
942 ## - ADDED ENTRY ELEMENTS (KOHA)
Koha item type Book
Holdings
Withdrawn status Lost status Damaged status Not for loan Home library Current library Date acquired Cost, normal purchase price Total Checkouts Barcode Date last seen Copy number Cost, replacement price Price effective from Koha item type
        Sarvajanik Wachanalaya, Kalyan Sarvajanik Wachanalaya, Kalyan   200.00   KPL-68989 02/01/2009 1 200.00 02/01/2009 Book